Geography Quiz

Random Geography or World Quiz

Countries of the World: The Prequel Quiz Stats

 Plays Quiz Updated Feb 13, 2019

Support Sporcle.
Go Orange.
Score 0/197 Timer 15:00
102 Plays Today
% Correct
Australia
93.6%
Canada
93.6%
United States of America
93.3%
United Kingdom
92.8%
France
92.8%
Argentina
92.4%
China
92.3%
Austria
92%
Brazil
91.4%
Germany
91.4%
Finland
91.4%
Russia
91.3%
Chile
91.3%
Afghanistan
91.2%
Japan
91%
India
91%
Denmark
90.6%
Ireland
90.6%
Iceland
90.1%
Italy
90.1%
Mexico
90.1%
Iran
89.9%
Iraq
89.8%
Sweden
89.8%
Belgium
89.5%
Egypt
89.3%
Norway
89.3%
Portugal
89.2%
Algeria
89%
North Korea
89%
Andorra
88.9%
South Korea
88.8%
Albania
88.8%
Spain
88.7%
Israel
88.1%
Greece
87.9%
Indonesia
87.9%
Cuba
87.8%
South Africa
87.7%
New Zealand
87.5%
Turkey
87.5%
Poland
87.5%
Colombia
87.3%
Peru
87.2%
Haiti
87.1%
Estonia
87%
Latvia
87%
Pakistan
86.9%
Paraguay
86.9%
Hungary
86.8%
Uruguay
86.8%
Netherlands
86.7%
Switzerland
86.6%
Bolivia
86.6%
Lithuania
86.5%
Czechia
86.5%
Jamaica
86.5%
Honduras
85.9%
United Arab Emirates
85.8%
Panama
85.8%
Niger
85.7%
Armenia
85.7%
Chad
85.6%
Kenya
85.6%
Dominica
85.5%
Vatican City
85.5%
% Correct
Yemen
85.5%
Oman
85.4%
Venezuela
85.4%
Laos
85.4%
Vietnam
85.4%
Cambodia
85.4%
Bahamas
85.3%
Zimbabwe
85.3%
Ukraine
85.3%
Sudan
85.2%
Luxembourg
85.2%
Angola
85.2%
Belize
85.2%
Morocco
85.2%
Jordan
85%
Croatia
85%
Democratic Republic of the Congo
85%
Romania
84.9%
Libya
84.8%
Nigeria
84.7%
Dominican Republic
84.7%
Ecuador
84.7%
Azerbaijan
84.6%
Belarus
84.6%
Costa Rica
84.4%
Ethiopia
84.3%
Thailand
84.2%
Kazakhstan
84.1%
Guinea
84%
Cyprus
84%
Bulgaria
83.9%
Slovakia
83.9%
Fiji
83.8%
Madagascar
83.7%
Mongolia
83.6%
Zambia
83.5%
Guyana
83.4%
South Sudan
83.3%
Guatemala
83.1%
Monaco
83%
Nepal
83%
Slovenia
83%
El Salvador
82.8%
Bangladesh
82.8%
Bosnia and Herzegovina
82.8%
Mali
82.8%
Turkmenistan
82.8%
Malaysia
82.7%
Ghana
82.6%
Liechtenstein
82.6%
Syria
82.5%
Uzbekistan
82.4%
Barbados
82.1%
Saudi Arabia
81.9%
Qatar
81.8%
North Macedonia
81.8%
Malta
81.7%
Bhutan
81.7%
Bahrain
81.6%
Central African Republic
81.5%
Rwanda
81.5%
Eritrea
81.3%
Serbia
81.3%
Nicaragua
81.2%
Cameroon
81.1%
Georgia
81%
% Correct
Kuwait
80.9%
Lebanon
80.9%
Kosovo
80.9%
Lesotho
80.9%
Botswana
80.7%
Djibouti
80.7%
Suriname
80.5%
Eswatini
80.2%
Côte d'Ivoire
80.2%
Somalia
80.2%
Myanmar
80.1%
San Marino
80%
Liberia
79.9%
Togo
79.9%
Philippines
79.8%
Montenegro
79.6%
Uganda
79.6%
Benin
79.6%
Republic of the Congo
79.6%
Antigua and Barbuda
79.6%
Papua New Guinea
79.4%
Moldova
79.4%
Taiwan
79.3%
Saint Kitts and Nevis
79.2%
Namibia
79.2%
Tunisia
79.1%
Palestine
79%
The Gambia
78.9%
Guinea-Bissau
78.8%
Sri Lanka
78.6%
Tajikistan
78.6%
Singapore
78.4%
Trinidad and Tobago
78%
Saint Lucia
78%
Kyrgyzstan
77.9%
Maldives
77.8%
Brunei
77.8%
Mauritania
77.8%
Equatorial Guinea
77.5%
Tanzania
77.4%
Mauritius
77.4%
Burundi
77.3%
Mozambique
77.2%
Comoros
77.1%
Senegal
77%
Malawi
76.9%
Gabon
76.8%
Marshall Islands
76.5%
Grenada
76.4%
Seychelles
76.4%
Tonga
76.2%
Palau
76.1%
Saint Vincent and the Grenadines
76.1%
Vanuatu
75.7%
Cabo Verde
75.3%
Samoa
75.2%
Burkina Faso
74.9%
Kiribati
74.8%
Micronesia
74.3%
Nauru
74.3%
Tuvalu
73.7%
Solomon Islands
73.5%
Sierra Leone
72.7%
Timor-Leste
72.4%
São Tomé and Príncipe
70.2%

From the Vault

100+ Receptions (Dallas Cowboys)

by ASMR

Sports 6m
Saddle up, cowpoke!
Remove Ads.
Support Sporcle.
Get the best of Sporcle when you Go Orange. This ad-free experience offers more features, more stats, and more fun while also helping to support Sporcle. Thank you for becoming a member.

Show Comments

Extras

Top Quizzes Today


Score Distribution

Your Account Isn't Verified!

In order to create a playlist on Sporcle, you need to verify the email address you used during registration. Go to your Sporcle Settings to finish the process.

Report this User

Report this user for behavior that violates our Community Guidelines.

Details: